00844 2200313 4500001002100000005001500021035002500036007000300061008004100064020002200105040001700127082001700144084001900161100001900180245006700199250002600266260003000292300002500322650002000347700001500367850001200382090002300394090002100417041000800438999002100446990002100467990002100488990002100509INLIS00000000002805220190812022238 a0010-051700000000762ta170531s2017 yoie g 1 ind d a978-602-407-115-5 aYOPDYOGbind04223a899.2213 a899.2213 ARI r0 aARINI HIDAJATI10aRumah di atas ombak /cArini Hidajati ; penyunting, Aya Sophia aCetakan pertama, 20173 aYogyakarta :bPING,c2017 a266 halaman ;c20 cm 4aFiksi Indonesia0 aAya Sophia aYOPDYOG aDEP 899.2213 ARI r aCB-D.11 2017-2060 aind aCB-D.11/2017-206 aCB-D.11/2017-206 aCB-D.11/2017-206 aCB-D.11/2017-206